| 000 | 00632cam a2200169 4500 | ||
|---|---|---|---|
| 005 | 20220317132105.0 | ||
| 008 | 220317b mx ||||| |||| 00| 0 spa d | ||
| 050 | 0 | 4 |
_aZ678.9.A4 _bM6 2000 |
| 245 | 0 | 0 |
_aSelección de programas de cómputo para el manejo de recursos informativos _c / editado por Jesús Lau, Jesús Cortes. |
| 260 |
_aMéxico : _bUniversidad Autónoma de Ciudad Juárez, _c2000 |
||
| 300 |
_avii, 185 p. ; _c22 cm |
||
| 651 | 7 |
_aMéxico _xAutomatizacion de blibliotecas |
|
| 651 | 7 |
_2lemb _aCosta Rica _xBiblioteca pública |
|
| 700 | 1 |
_aLau, Jesús, _eautor |
|
| 700 | 1 |
_aCortés, Jesús, _eautor |
|
| 942 |
_2lcc _cLIB |
||
| 999 |
_c101072 _d101072 |
||